00635nam a22002057a 4500003000400000005001700004008004100021010001300062020002600075024001100101037000800112040005300120050001200173082001200185245005500197260004500252270008900297300002400386700001900410dpl20260418140357.0240327b |||||||| |||| 00| 0 eng d aB-758540 a9789359596815c350.00 c350.00 adpl cMalyala Manorama Press aMalyala Manorama Press  a050 MAN a050 MAN aManorama Yearbook 2024/cEdited by Mathew, Mammen  aKottayam bMalyala Manorama Press c2024 aMalyala Manorama Press bKottayam e686001k2563646l91-4812562479myeabook@mm.co.in a1006p.c22 cm (pbk) aPhilip Mathew